01227nab a22002297a 4500999001500000003000400015005001700019008004100036040000700077100003000084245018800114300001500302500003600317505021400353505014400567650002800711650002500739650002900764650003500793773015600828942001300984 c6068d6068OSt20260121004937.0190514b xxu||||| |||| 00| 0 spa d cPJ 96844aLoiza, Fabián M. 10aDispensa de la prescripción liberatoria y cuantificación del daño. Dos aspectos destacados en la búsqueda de reparar la violencia sufrida por una niña /cFabián M. Loiza.  ap. 126-133 aCita: TR LALEY AR/DOC/988/2024. aSumario: I. Síntesis del fallo.— II. El primer aspecto destacado: la prescripción liberatoria.— III. El segundo aspecto destacado: la cuantificación del daño.— IV. Algunas conclusiones posibles.  tFallo comentado: JCiv., Com. y Minería Nro. 1, Viedma ~ 20/12/2023 ~ A-1VI-993-C2021 s/ daños y perjuicios Expte. Nº VI-30658-C-0000. 09967aDERECHO DE FAMILIA 093092aPRESCRIPCIÓN 091134aVIOLENCIA FAMILIAR 091057aJURISPRUDENCIA APLICABLE0 0284493222dBuenos Aires : AbeledoPerrot, 1989-tDerecho de familia. Revista Interdisciplinaria de doctrina y jurisprudencia. Junio 2024-III.z18511201 2udccANA